000 00426nam a2200169Ia 4500
003 GCL
008 140319s9999 xx 000 0 eng d
040 _aGCL /
_cGCL
082 0 4 _a791.4301
_bE C
100 1 _aEASTHAPE, ANTONY
245 1 0 _aCONTEMPORARY FILM THEORY /
_cEASTHAPE, ANTONY
260 _a[S.N] :
_bLONGMAN ،
_c1993
300 _a218 P
650 0 4 _aPHILOSOPHY
650 0 4 _aMOTION PICTURES
942 _2ddc
_cBK
999 _c24742
_d24742